مرزا شوق لکھنوی : (Record no. 106439)

MARC details
000 -LEADER
fixed length control field 00991nam a22002537a 4500
005 - DATE AND TIME OF LATEST TRANSACTION
control field 20170123162311.0
010 ## - LIBRARY OF CONGRESS CONTROL NUMBER
LC control number B-097672
020 ## - INTERNATIONAL STANDARD BOOK NUMBER
Terms of availability 150.00
International Standard Book Number 8182230195
035 ## - SYSTEM CONTROL NUMBER
System control number B-097672
037 ## - SOURCE OF ACQUISITION
Source of stock number/acquisition Cen Lib/Ret
040 ## - CATALOGING SOURCE
Original cataloging agency DPL
Language of cataloging UR
082 ## - DEWEY DECIMAL CLASSIFICATION NUMBER
Classification number 841.08
Item number م ر ز
100 ## - MAIN ENTRY--PERSONAL NAME
Personal name ربیع موبین
9 (RLIN) 828
245 ## - TITLE STATEMENT
Title مرزا شوق لکھنوی :
Statement of responsibility, etc ربیع موبین
Remainder of title احد غزل گویی اور واسوکھوت نگاری /
246 ## - VARYING FORM OF TITLE
Title proper/short title Mirza shauque luchnavi : ahad, ghazal goyi aur wasokhot nigari /
Remainder of title by Rabia mohsin
260 ## - PUBLICATION, DISTRIBUTION, ETC. (IMPRINT)
Place of publication, distribution, etc نیی دہلی
Name of publisher, distributor, etc ایجوکیشنل پبلشنگ ہاؤس
Date of publication, distribution, etc 2004
270 ## - ADDRESS
City نیی دہلی
Address ٣١٠٨، وکیل سٹریٹ کچہ پنڈت لال کون
Postal code 110006
300 ## - PHYSICAL DESCRIPTION
Extent 156p.
Dimensions 21cm(Hb)
650 ## - SUBJECT ADDED ENTRY--TOPICAL TERM
Topical term or geographic name as entry element اردو ادب
9 (RLIN) 111757
650 ## - SUBJECT ADDED ENTRY--TOPICAL TERM
Topical term or geographic name as entry element اردو سوانح عمری
9 (RLIN) 111759
650 ## - SUBJECT ADDED ENTRY--TOPICAL TERM
Topical term or geographic name as entry element Urdu literature
9 (RLIN) 111760
650 ## - SUBJECT ADDED ENTRY--TOPICAL TERM
Topical term or geographic name as entry element Urdu biography
9 (RLIN) 511
942 ## - ADDED ENTRY ELEMENTS (KOHA)
Source of classification or shelving scheme Dewey Decimal Classification
Koha item type Urdu Bks
Classification part 841.08
Call number suffix م ر ز
Holdings
Withdrawn status Lost status Damaged status Not for loan Home library Current library Date acquired Source of acquisition Cost, normal purchase price Total Checkouts Full call number Barcode Date last seen Copy number Cost, replacement price Price effective from Koha item type
        Central Library Central Library 21/12/2015 Cen Lib/Ret 150.00   841.08 م ر ز B-097672 21/12/2015 1 150.00 21/12/2015 Urdu Bks

© Delhi Public Library
Hit Counter
free hit counter